BIBLIOTECA PODER JUDICIAL
Portal Judicial TDF

Violencia institucional contra las mujeres. Abuso de autoridad por parte de agentes policiales del Estado en casos de violencia de género / (Registro nro. 6413)

000 -LEADER
fixed length control field 01456nab a22002657a 4500
003 - CONTROL NUMBER IDENTIFIER
control field OSt
005 - DATE AND TIME OF LATEST TRANSACTION
control field 20260202120819.0
008 - FIXED-LENGTH DATA ELEMENTS--GENERAL INFORMATION
fixed length control field 190429b xxu||||| |||| 00| 0 spa d
040 ## - CATALOGING SOURCE
Transcribing agency PJ
100 ## - MAIN ENTRY--PERSONAL NAME
9 (RLIN) 4083
Personal name Chavarría, Magalí A.
245 10 - TITLE STATEMENT
Title Violencia institucional contra las mujeres. Abuso de autoridad por parte de agentes policiales del Estado en casos de violencia de género /
Statement of responsibility, etc Magalí A. Chavarria.
260 ## - PUBLICATION, DISTRIBUTION, ETC. (IMPRINT)
Date of publication, distribution, etc Ciudad Autónoma de Buenos Aires :
Place of publication, distribution, etc Thomson Reuters La Ley,
Name of publisher, distributor, etc 2023.
300 ## - PHYSICAL DESCRIPTION
Extent p. 121-130
500 ## - GENERAL NOTE
General note Cita Online: AR/DOC/1823/2023.
505 ## - FORMATTED CONTENTS NOTE
Formatted contents note Sumario: I. Introducción.— II. Violencia institucional. Debida diligencia por parte del Estado.— III. Análisis del tipo penal de abuso de autoridad.— IV. Postura de la Cámara en lo Criminal y Correccional de 10°. Nominación de la provincia de Córdoba.— V. Conclusiones.<br/><br/>
505 ## - FORMATTED CONTENTS NOTE
Formatted contents note Fallo comentado: CCrim. Corr. 10a Nom., Córdoba ~ 19/12/2022 ~ C., R. C. D. s/ P.S.A. abuso de autoridad.
505 ## - FORMATTED CONTENTS NOTE
Title Si te interesa el texto completo, solicitalo a koha@justierradelfuego.gov.ar
650 #0 - SUBJECT ADDED ENTRY--TOPICAL TERM
9 (RLIN) 343
Topical term or geographic name as entry element DERECHO PENAL
650 #0 - SUBJECT ADDED ENTRY--TOPICAL TERM
9 (RLIN) 3053
Topical term or geographic name as entry element VIOLENCIA DE GÉNERO
650 #0 - SUBJECT ADDED ENTRY--TOPICAL TERM
Topical term or geographic name as entry element DISCRIMINACION
9 (RLIN) 1576
650 #0 - SUBJECT ADDED ENTRY--TOPICAL TERM
Topical term or geographic name as entry element ABUSO DE AUTORIDAD
9 (RLIN) 2859
650 #0 - SUBJECT ADDED ENTRY--TOPICAL TERM
Topical term or geographic name as entry element POLICÍA
9 (RLIN) 4027
773 0# - HOST ITEM ENTRY
Host Biblionumber 2658
Host Itemnumber 3164
Title Revista de derecho penal y criminología. Nº 8 - Septiembre 2023
Place, publisher, and date of publication Ciudad Autónoma de Buenos Aires : Thomson Reuters La Ley, 2017-
International Standard Serial Number 00347914
942 ## - ADDED ENTRY ELEMENTS (KOHA)
Source of classification or shelving scheme
Koha item type Analítica Artículo de Revista

No hay ítems disponibles.

12 de Octubre 789 Ushuaia - Tel:  54(02901)441571
Horario de Atención: 8.00 a 17.00 hs. 
bibliotecaush@justierradelfuego.gov.ar
koha@justierradelfuego.gov.ar
Seguinos en nuestras redes @bibliojustdf 

Con tecnología Koha